| 000 | 01004cam a2200277 4500 | ||
|---|---|---|---|
| 008 | 020222n2002 000 0 eng u | ||
| 020 | _a0754518132 | ||
| 035 | _a(Sirsi) u116804 | ||
| 041 | _aeng | ||
| 050 |
_a658.15242 _c18 |
||
| 110 |
_aPriceWaterhouseCoopers _93793 |
||
| 245 | _aTolley's leasing in the UK fourth edition | ||
| 250 | _a4th ed. | ||
| 260 |
_aLondon _bTolleys _c2002 |
||
| 300 |
_axx, 443p. _c24cm. |
||
| 350 | _a65.00 | ||
| 520 | _aDeals with all aspects relating to equipment leasing in the United Kingdom. Covers the leasing environment, and goes on to consider the role and impact of leasing on lessors, lessees and equipment vendors. Also looks at all aspects of lease accounting, pricing, evaluation and taxation. | ||
| 650 | _aLEASING | ||
| 650 | _aPLANT AND MACHINERY | ||
| 650 | _aMANAGEMENT-BUSINESS MANAGEMENT-FINANCIAL MANAGEMENT-ACCOUNTING | ||
| 650 | _aTAXATION | ||
| 650 | _aPRICING | ||
| 650 | _aUNITED KINGDOM | ||
| 690 | _aFINANCE | ||
| 942 | _n0 | ||
| 999 |
_c101899 _d101899 |
||